000 00894cam a22003017a 4500
003 CHAP
005 20220817042041.0
008 971013s1933 r 00010 d
010 _a33059
011 _a34031
035 _a38147
040 _cCHAP
082 _a333
_bL69
100 0 0 _aLoyo, Gilberto.
_968703
245 1 3 _aLa concentración agraria en el mundo
260 _aMéxico :
_bImp. Mundial,
_c1933
300 _a188 p.
590 _aBATCH-UPD
_b10
_c20130110
_lUCH01
_h1929
590 _aBATCH-UPD
_b10
_c20130410
_lUCH01
_h1254
590 _aBATCH-UPD
_b10
_c20130914
_lUCH01
_h2006
590 _aCONVERSION
_b10
_c20130109
_lUCH01
_h1319
650 1 4 _aAgricultura
_xAspectos económicos.
650 1 4 _aAgricultura
_xEstadisticas.
_91417
650 1 4 _aTierras
_xTenencia.
_9113130
901 _aBK
942 _cLIBRO
949 _a333 L69
_bBC
_cLIBRO
_d33724000316105
_eLIBRO
_i38147
_si
999 _c33059
_d33059